ភាសាខ្មែរ ថ្នាក់ទី ៣ : (Record no. 8222)

MARC details
000 -LEADER
fixed length control field 01180nam a22002777a 4500
001 - CONTROL NUMBER
control field 8222
003 - CONTROL NUMBER IDENTIFIER
control field FISKH
005 - DATE AND TIME OF LATEST TRANSACTION
control field 20250903105321.0
008 - FIXED-LENGTH DATA ELEMENTS--GENERAL INFORMATION
fixed length control field 250903b cb ||||| |||| 00| 0 eng d
020 ## - INTERNATIONAL STANDARD BOOK NUMBER
International Standard Book Number 9789995002152
040 ## - CATALOGING SOURCE
Original cataloging agency FISKH
Language of cataloging khmr
Transcribing agency FISKH
Modifying agency FISKH
050 ## - LIBRARY OF CONGRESS CALL NUMBER
Classification number PZ7
082 ## - DEWEY DECIMAL CLASSIFICATION NUMBER
Classification number 495.911
100 ## - MAIN ENTRY--PERSONAL NAME
Personal name Syda, Yin
245 ## - TITLE STATEMENT
Title ភាសាខ្មែរ ថ្នាក់ទី ៣ :
Remainder of title អាន-សរសេរ /
260 ## - PUBLICATION, DISTRIBUTION, ETC.
Place of publication, distribution, etc. Phnom Penh :
Name of publisher, distributor, etc. Mistry of Youth and Sport,
Date of publication, distribution, etc. 2019.
300 ## - PHYSICAL DESCRIPTION
Extent 226 pages :
Other physical details color illustrations ;
Dimensions 26 cm
505 ## - FORMATTED CONTENTS NOTE
Formatted contents note O<br/>
520 ## - SUMMARY, ETC.
Summary, etc. សៀវភៅនេះបោះពុម្ពឡើងក្នុងគោលបំណង អភិវឌ្ឍសមត្ថភាពអាន និងសរសេររបស់សិស្ស បង្រៀនពាក្យថ្មី និងវចនាធិប្បាយខ្មែរ បង្កើតជំនាញវេយ្យាករណ៍ និងអក្ខរក្រមខ្មែរ
521 8# - TARGET AUDIENCE NOTE
Target audience note 600<br/>
Source Lexile estimate<br/>
521 8# - TARGET AUDIENCE NOTE
Target audience note O<br/>
650 ## - SUBJECT ADDED ENTRY--TOPICAL TERM
Topical term or geographic name entry element ភាសាខ្មែរ
650 ## - SUBJECT ADDED ENTRY--TOPICAL TERM
Topical term or geographic name entry element Khmer
942 ## - ADDED ENTRY ELEMENTS (KOHA)
Source of classification or shelving scheme Dewey Decimal Classification
Koha item type Khmer Books
Suppress in OPAC No
Holdings
Withdrawn status Lost status Source of classification or shelving scheme Damaged status Not for loan Collection Home library Current library Shelving location Date acquired Total Checkouts Full call number Barcode Date last seen Copy number Price effective from Koha item type
    Dewey Decimal Classification     Khmer Language Books / សៀវភៅភាសាខ្មែរ Footprints International School Library Network Toul Kork Campus Footprints International School Library Network Toul Kork Campus TK Old Khmer Books (Rear Hallway Shelf 3) 09/03/2025   SYD 495.911 PZ7 2025-4365 09/03/2025 1 09/03/2025 Khmer Books